Организация и деятельность кооперативов: правовой аспект: правовой аспект: сборник статей

Бібліографічні деталі
Співавтор: Академия наук СССР (АН СССР) Институт государства и права (ИГП)
Інші автори: Абова Т. Е. (редактор), Виноградова Е. А.
Резюме:Исключено из фонда НТБ ТПУ
Мова:Російська
Опубліковано: Москва, ИГПАН, 1991
Формат: MixedMaterials Книга
KOHA link:https://koha.lib.tpu.ru/cgi-bin/koha/opac-detail.pl?biblionumber=160011

MARC

LEADER 00000nam0a2200000 4500
001 160011
005 20231031155423.0
020 |a RU  |b 92-1616 
035 |a (RuTPU)RU\TPU\book\173531 
090 |a 160011 
100 |a 20090516d1991 m a0rusy5003 ca 
101 0 |a rus 
102 |a RU 
105 |a y z 001zy 
200 1 |a Организация и деятельность кооперативов: правовой аспект  |e правовой аспект: сборник статей  |f Академия наук СССР (АН СССР), Институт государства и права (ИГП) ; под ред. Т. Е. Абовой, Е. А. Виноградовой 
210 |a Москва  |c ИГПАН  |d 1991 
215 |a 172,[1] с. 
333 |a Исключено из фонда НТБ ТПУ 
702 1 |a Абова  |b Т. Е.  |4 340 
702 1 |a Виноградова  |b Е. А.  |4 340 
712 0 2 |a Академия наук СССР (АН СССР)  |b Институт государства и права (ИГП)  |c (Москва) 
801 0 |a RU  |b RuMRKP  |c 19960705  |g psbo 
801 1 |a RU  |b 63413507  |c 20090516  |g PSBO 
801 2 |a RU  |b 63413507  |c 20220406  |g PSBO 
942 |c BK